| 000 | 00686nam a22001695i 4500 | ||
|---|---|---|---|
| 001 | 159832 | ||
| 003 | ES-MaACL | ||
| 005 | 20230906211824.0 | ||
| 008 | 041020s1879 cu |||| | spa d | ||
| 040 |
_aCAM _bspa _cCAM |
||
| 245 | 0 | 0 |
_aMisterios de La Habana en 1879 ó La persecución de aquella Iglesia por Pardo y Toribio _b: escrita y publicada con aprobación universal. |
| 260 |
_aHabana : _b[s.n., _cs.a.] ( _fImprenta de Ruiz) |
||
| 300 |
_a31 p. ; _c16 cm. |
||
| 596 | _aTexto fechado en 1879. | ||
| 740 | 3 | 1 | _aLa persecución de aquella Iglesia por Pardo y Toribio. |
| 852 |
_aES-MaACL _jT-300-F-5 _z-- Enc. hol. _q-- Falto de la cub. original _z-- Enc. en un vol. facticio |
||
| 999 |
_c159832 _d159832 |
||